000
00314pab a2200145 454500
008
180718b1989 xxu||||| |||| 00| 0 eng d
100
_a
Singh, S.N.
245
_a
Teachers as workmen
260
_c
1989
300
_a
1-8
362
_a
3 July
650
_a
Teachers
773
_a
University News
909
_a
19754
999
_c
19754
_d
19754